Culture générale pays à l'envers (click quiz) - Statistiques

Statistiques générales
  • Ce quiz a été pris 60 fois
  • Le résultat moyen est 7 sur 10
Statistiques - réponses
Hint Réponse % Correct
Colombie Quel est le pays d'origine de Pablo Escobar ?
91%
Inde Quel est le pays le plus peuplé du monde ?
85%
Australie Quel pays a pour heure locale 23 h quand il est 13 h en France ?
78%
Slovénie Quel pays fait partie de l'ex Yougoslavie ?
78%
Canada De quel pays le castor est l'animal emblème officiel ?
76%
Pakistan Dans quel pays fut assassinée Benazir Bhutto ?
74%
Zimbabwe Quel pays comporte 2 lettres qui valent 10 pts au Scrabble ?
74%
Cuba Quel pays est la première île des Caraïbes ?
74%
Mexique Quel pays a Tijuana pour plus grande ville ?
63%
Iran Quel est l'un des 2 pays considéré comme le meilleur producteur de caviar ?
50%
Aucun quiz correspondant
Distribution des résultats
% des personnes avec chaque résultat
Percentile par nombre de réponses
Votre historique - résultats
Vous n’avez pas pris ce quiz